Statistics for More Horor Movie Villians

Click here to take the quiz!

General Stats

  • This quiz has been taken 81 times
  • The average score is 5 of 15

Answer Stats

HintAnswer% Correct
ItPennywise
76%
SawJigsaw
69%
The Texas Chainsaw MassacreLeatherface
68%
HellraiserPinhead
67%
ScreamGhostface
64%
HalloweenMichael Myers
64%
PsychoNorman Bates
51%
Final DestinationDeath
43%
MiseryAnnie Wilkes
15%
BladeDeacon Frost
11%
The ConjuringBathsheba
7%
The StandRandall Flag
7%
DreamcatcherMr Grey
3%
Stay AliveElizabeth Bathory
1%
The HauntingHugh Krane
1%

Score Distribution

Percentile by Number Answered

Percent of People with Each Score

Your Score History

You have not taken this quiz